Equipe ayant été en Ligue 1 (depuis 1932) - Statistiques

Statistiques générales
  • Ce quiz a été pris 299 fois
  • Le résultat moyen est 48 sur 76
Statistiques - réponses
Nombre de participation Equipe Championnat actuel % Correct
74 (9V) Olympique de Marseille Ligue 1
100%
51 (11V) Paris Saint-Germain Ligue 1
100%
65 (7V) Olympique Lyonnais Ligue 1
98%
69 (10V) AS Saint-Etienne Ligue 2
97%
69 (6V) Girondins de Bordeaux Ligue 2
97%
64 (4V) LOSC Lille Ligue 1
97%
67 Stades Rennais FC Ligue 1
96%
56 (8V) FC Nantes Ligue 1
95%
7 (1V) Olympique Lillois Disparu
95%
65 (4V) OGC Nice Ligue 1
94%
33 Toulouse FC Ligue 1
94%
19 Toulouse FC (1937) Disparu
94%
65 (8V) AS Monaco Ligue 1
93%
62 (1V) RC Lens Ligue 1
92%
18 Stade Brestois 29 Ligue 1
92%
2 CA Paris Régional 3
90%
3 Paris FC Ligue 2
90%
63 (1V) RC Strasbourg Ligue 1
90%
64 FC Metz Ligue 2
88%
42 (1V) Montpellier HSC Ligue 1
88%
17 FC Lorient Ligue 1
86%
14 AC Ajaccio Ligue 2
85%
31 Angers SCO Ligue 2
85%
1 Gazélec FC Ajaccio Régional 2
85%
39 (6V) Stade de Reims Ligue 1
85%
3 Clermont Foot 63 Ligue 1
84%
25 Le Havre AC Ligue 1
84%
34 SC Bastia Ligue 2
82%
33 (1V) AJ Auxerre Ligue 2
81%
66 (2V) FC Sochaux-Montbéliard Ligue 2
79%
18 SM Caen Ligue 2
78%
13 EA Guingamp Ligue 2
76%
30 AS Nancy-Lorraine National
74%
6 Dijon FCO National
74%
15 FC Nancy Disparu
74%
1 Lyon OU Disparu
74%
36 Nîmes Olympique Ligue 2
74%
3 SC Nîmes Disparu
74%
3 Amiens SC Ligue 2
72%
19 ESTAC Troyes Ligue 2
72%
4 Grenoble Foot 38 Ligue 2
69%
33 Valenciennes FC Ligue 2
68%
19 FC Rouen National
67%
4 Evian Thonon Gaillard National 2
66%
16 Red Star FC National
61%
23 Club sportif Sedan Ardennes Régional 3
59%
6 Le Mans FC National
59%
12 SC Toulon National 2
57%
13 Stade Lavallois Ligue 2
55%
4 Tours FC National 2
54%
22 AS Cannes National 2
53%
16 (2V) FC Sète Régional 3
52%
1 LB Châteauroux National
44%
1 US Boulogne National 2
44%
1 Istres FC National 3
42%
1 AC Arles Régional 1
41%
10 (1V) CO Roubaix-Tourcoing Disparu
38%
1 Avignon Football 84 District 2
33%
3 Limoges Football National 3
33%
1 Chamois Niortais National
31%
7 EAC Roubaix Disparu
31%
3 RC Roubaix Disparu
31%
3 FC Martigues National
30%
6 FC Mulhouse Régional 1
28%
1 Stadium Racing Colmar National 2
25%
1 FC Gueugnon National 3
22%
1 AS Béziers Disparu
20%
3 AS Angoulême National 2
15%
6 Olympique d'Alès National 2
13%
1 Hyères FC National 2
10%
1 Club Français Disparu
9%
1 AS Aix-en-Provence District 1
8%
7 FC Antibes District 1
7%
15 Stade Français Départemental 5
7%
30 (1V) Racing Club de France National 2
6%
7 SC Fives Disparu
6%
Aucun quiz correspondant
Distribution des résultats
% des personnes avec chaque résultat
Percentile par nombre de réponses
Votre historique - résultats
Vous n’avez pas pris ce quiz